Tous les personnages de Phoenix Wright - Ace Attorney (1) - Statistiques

Statistiques générales
  • Ce quiz a été pris 143 fois
  • Le résultat moyen est 25 sur 37
Statistiques - réponses
Par images Réponse % Correct
Mia Fey
98%
Phoenix Wright
98%
Benjamin Hunter
97%
Maya Fey
96%
Dick Tektiv
95%
Le Juge
95%
Paul Defès
95%
Manfred Von Karma
89%
Henri Hunter
85%
Victor Boulay
83%
Redd White
79%
Flavie Eïchouette
78%
Samuel Rosenberg
77%
Ema Skye
76%
Lana Skye
75%
Le Lutin Bleu
75%
Gustavo Lonté
72%
Le Groom
69%
Frank Khavu
68%
Masha Vril
64%
Damien Gant
62%
Alex Marshall
59%
Cindy Stone
58%
Fred Marshall
58%
Dee Vasquez
54%
Éric Lebon
54%
Yanni Yogi
52%
Eva Cozésouci
51%
Alice
49%
Angélique Starr
47%
Sal Monello
44%
Jacques Hammer
42%
Joe Sinister
41%
Jean Durand
39%
Bill Ballaud
38%
Kévin Miron
28%
Iseult Rosentz
18%
Aucun quiz correspondant
Distribution des résultats
% des personnes avec chaque résultat
Percentile par nombre de réponses
Votre historique - résultats
Vous n’avez pas pris ce quiz